UEFA Finals 2020's Starting XIs - Statistics

General Stats
  • This quiz has been taken 429 times
    192 since last reset
  • The average score is 217 of 352
Answer Stats
Answers % Correct
Champions League 2020/21 Manchester City Ederson
100%
Champions League 2022/23 Manchester City Ederson
100%
Europa League 2023/24 Atalanta Éderson
100%
Europa League 2019/20 Sevilla Jesús Navas
99%
Europa League 2022/23 Sevilla Jesús Navas
99%
Champions League 2019/20 Paris Saint-Germain Keylor Navas
99%
Champions League 2020/21 Manchester City Kevin De Bruyne
98%
Champions League 2022/23 Manchester City Kevin De Bruyne
98%
Champions League 2020/21 Manchester City Kyle Walker
98%
Champions League 2021/22 Liverpool Luis Díaz
98%
Champions League 2020/21 Manchester City Riyad Mahrez
98%
Champions League 2022/23 Manchester City Rodri
98%
Champions League 2020/21 Manchester City Rúben Dias
98%
Champions League 2022/23 Manchester City Rúben Dias
98%
Champions League 2019/20 Paris Saint-Germain Thiago Silva
98%
Champions League 2020/21 Chelsea Thiago Silva
98%
Champions League 2019/20 Bayern Munich Alphonso Davies
97%
Champions League 2020/21 Chelsea Antonio Rüdiger
97%
Champions League 2023/24 Real Madrid Antonio Rüdiger
97%
Champions League 2020/21 Chelsea Édouard Mendy
97%
Champions League 2021/22 Real Madrid Ferland Mendy
97%
Champions League 2023/24 Real Madrid Ferland Mendy
97%
Champions League 2020/21 Manchester City John Stones
97%
Champions League 2022/23 Manchester City John Stones
97%
Champions League 2019/20 Bayern Munich Kingsley Coman
97%
Champions League 2019/20 Bayern Munich Manuel Neuer
97%
Champions League 2021/22 Liverpool Alisson
96%
Champions League 2020/21 Manchester City Bernardo Silva
96%
Champions League 2022/23 Manchester City Bernardo Silva
96%
Champions League 2019/20 Bayern Munich Joshua Kimmich
96%
Champions League 2019/20 Paris Saint-Germain Kylian Mbappé
96%
Champions League 2019/20 Paris Saint-Germain Marquinhos
96%
Champions League 2024/25 Paris Saint-Germain Marquinhos
96%
Champions League 2021/22 Liverpool Mohamed Salah
96%
Champions League 2019/20 Bayern Munich Robert Lewandowski
96%
Champions League 2021/22 Real Madrid Thibaut Courtois
96%
Champions League 2023/24 Real Madrid Thibaut Courtois
96%
Champions League 2021/22 Real Madrid Vinícius Júnior
96%
Champions League 2023/24 Real Madrid Vinícius Júnior
96%
Champions League 2024/25 Paris Saint-Germain Achraf Hakimi
95%
Champions League 2022/23 Inter Milan André Onana
95%
Europa League 2024/25 Manchester United André Onana
95%
Champions League 2021/22 Real Madrid Dani Carvajal
95%
Champions League 2023/24 Real Madrid Dani Carvajal
95%
Champions League 2022/23 Manchester City Erling Haaland
95%
Champions League 2022/23 Inter Milan Lautaro Martínez
95%
Champions League 2024/25 Inter Milan Lautaro Martínez
95%
Europa League 2019/20 Inter Milan Lautaro Martínez
95%
Champions League 2021/22 Real Madrid Luka Modrić
95%
Champions League 2019/20 Paris Saint-Germain Neymar
95%
Champions League 2020/21 Chelsea Reece James
95%
Champions League 2023/24 Real Madrid Rodrygo
95%
Champions League 2021/22 Liverpool Sadio Mané
95%
Champions League 2020/21 Chelsea Timo Werner
95%
Champions League 2021/22 Liverpool Trent Alexander-Arnold
95%
Champions League 2021/22 Liverpool Virgil van Dijk
95%
Champions League 2021/22 Liverpool Andrew Robertson
94%
Champions League 2021/22 Real Madrid Casemiro
94%
Europa League 2024/25 Manchester United Casemiro
94%
Champions League 2019/20 Bayern Munich David Alaba
94%
Champions League 2021/22 Real Madrid David Alaba
94%
Champions League 2022/23 Inter Milan Edin Džeko
94%
Champions League 2024/25 Paris Saint-Germain Gianluigi Donnarumma
94%
Champions League 2020/21 Manchester City İlkay Gündoğan
94%
Champions League 2022/23 Manchester City İlkay Gündoğan
94%
Champions League 2023/24 Real Madrid Jude Bellingham
94%
Champions League 2020/21 Chelsea Kai Havertz
94%
Champions League 2020/21 Chelsea N'Golo Kanté
94%
Champions League 2020/21 Manchester City Oleksandr Zinchenko
94%
Champions League 2020/21 Manchester City Phil Foden
94%
Champions League 2019/20 Bayern Munich Serge Gnabry
94%
Champions League 2021/22 Real Madrid Toni Kroos
94%
Champions League 2023/24 Real Madrid Toni Kroos
94%
Champions League 2024/25 Paris Saint-Germain Vitinha
94%
Champions League 2023/24 Real Madrid Eduardo Camavinga
93%
Champions League 2021/22 Real Madrid Karim Benzema
93%
Champions League 2022/23 Manchester City Manuel Akanji
93%
Champions League 2024/25 Paris Saint-Germain Ousmane Dembélé
93%
Champions League 2024/25 Inter Milan Yann Sommer
93%
Champions League 2022/23 Inter Milan Alessandro Bastoni
92%
Champions League 2024/25 Inter Milan Alessandro Bastoni
92%
Europa League 2019/20 Inter Milan Alessandro Bastoni
92%
Champions League 2024/25 Paris Saint-Germain Fabián Ruiz
92%
Champions League 2022/23 Inter Milan Hakan Çalhanoğlu
92%
Champions League 2024/25 Inter Milan Hakan Çalhanoğlu
92%
Champions League 2020/21 Chelsea Jorginho
92%
Champions League 2024/25 Inter Milan Marcus Thuram
92%
Champions League 2020/21 Chelsea Mason Mount
92%
Europa League 2024/25 Manchester United Mason Mount
92%
Champions League 2022/23 Manchester City Nathan Aké
92%
Champions League 2019/20 Bayern Munich Thiago
92%
Champions League 2021/22 Liverpool Thiago
92%
Champions League 2024/25 Paris Saint-Germain Désiré Doué
91%
Champions League 2021/22 Liverpool Jordan Henderson
91%
Champions League 2022/23 Inter Milan Nicolò Barella
91%
Champions League 2024/25 Inter Milan Nicolò Barella
91%
Europa League 2019/20 Inter Milan Nicolò Barella
91%
Champions League 2019/20 Paris Saint-Germain Ángel Di María
90%
Champions League 2020/21 Chelsea Ben Chilwell
90%
Champions League 2022/23 Inter Milan Denzel Dumfries
90%
Champions League 2024/25 Inter Milan Denzel Dumfries
90%
Champions League 2021/22 Real Madrid Éder Militão
90%
Champions League 2021/22 Liverpool Fabinho
90%
Champions League 2021/22 Real Madrid Federico Valverde
90%
Champions League 2023/24 Real Madrid Federico Valverde
90%
Champions League 2024/25 Paris Saint-Germain João Neves
90%
Champions League 2024/25 Paris Saint-Germain Khvicha Kvaratskhelia
90%
Champions League 2024/25 Paris Saint-Germain Nuno Mendes
90%
Champions League 2019/20 Bayern Munich Thomas Müller
90%
Champions League 2024/25 Inter Milan Henrikh Mkhitaryan
89%
Conference League 2021/22 AS Roma Henrikh Mkhitaryan
89%
Europa League 2020/21 Manchester United David De Gea
88%
Champions League 2023/24 Borussia Dortmund Gregor Kobel
88%
Champions League 2021/22 Liverpool Ibrahim Konaté
88%
Champions League 2019/20 Bayern Munich Leon Goretzka
88%
Champions League 2024/25 Paris Saint-Germain Willian Pacho
88%
Champions League 2020/21 Chelsea César Azpilicueta
87%
Champions League 2022/23 Manchester City Jack Grealish
87%
Champions League 2022/23 Inter Milan Marcelo Brozović
87%
Europa League 2019/20 Inter Milan Marcelo Brozović
87%
Champions League 2020/21 Manchester City Raheem Sterling
87%
Europa League 2020/21 Manchester United Bruno Fernandes
86%
Europa League 2024/25 Manchester United Bruno Fernandes
86%
Champions League 2023/24 Real Madrid Nacho
86%
Europa League 2019/20 Inter Milan Romelu Lukaku
86%
Champions League 2022/23 Inter Milan Federico Dimarco
85%
Champions League 2024/25 Inter Milan Federico Dimarco
85%
Champions League 2022/23 Inter Milan Francesco Acerbi
85%
Champions League 2024/25 Inter Milan Francesco Acerbi
85%
Champions League 2023/24 Borussia Dortmund Jadon Sancho
85%
Europa League 2024/25 Tottenham Hotspur Micky van de Ven
85%
Champions League 2019/20 Paris Saint-Germain Presnel Kimpembe
85%
Champions League 2019/20 Bayern Munich Jérôme Boateng
84%
Champions League 2023/24 Borussia Dortmund Mats Hummels
84%
Europa League 2019/20 Sevilla Yassine Bounou
84%
Europa League 2022/23 Sevilla Yassine Bounou
84%
Europa League 2020/21 Manchester United Luke Shaw
83%
Europa League 2024/25 Manchester United Luke Shaw
83%
Europa League 2024/25 Manchester United Harry Maguire
81%
Europa League 2024/25 Manchester United Rasmus Højlund
81%
Europa League 2019/20 Inter Milan Samir Handanović
81%
Europa League 2020/21 Manchester United Edinson Cavani
80%
Champions League 2023/24 Borussia Dortmund Marcel Sabitzer
80%
Europa League 2019/20 Inter Milan Stefan De Vrij
80%
Europa League 2020/21 Manchester United Victor Lindelöf
80%
Europa League 2020/21 Manchester United Marcus Rashford
79%
Europa League 2024/25 Tottenham Hotspur Cristian Romero
76%
Europa League 2020/21 Manchester United Paul Pogba
76%
Europa League 2023/24 Atalanta Ademola Lookman
75%
Europa League 2024/25 Manchester United Amad Diallo
75%
Europa League 2024/25 Tottenham Hotspur Guglielmo Vicario
75%
Champions League 2019/20 Paris Saint-Germain Juan Bernat
75%
Europa League 2020/21 Manchester United Scott McTominay
75%
Champions League 2024/25 Inter Milan Benjamin Pavard
74%
Champions League 2023/24 Borussia Dortmund Julian Brandt
74%
Champions League 2019/20 Paris Saint-Germain Leandro Paredes
74%
Europa League 2022/23 AS Roma Tammy Abraham
74%
Conference League 2021/22 AS Roma Tammy Abraham
74%
Conference League 2024/25 Chelsea Cole Palmer
73%
Conference League 2024/25 Chelsea Nicolas Jackson
73%
Europa League 2024/25 Tottenham Hotspur Pedro Porro
73%
Europa League 2024/25 Tottenham Hotspur Richarlison
73%
Europa League 2021/22 Rangers Ryan Jack
73%
Europa League 2023/24 Bayer Leverkusen Florian Wirtz
72%
Europa League 2023/24 Bayer Leverkusen Granit Xhaka
72%
Europa League 2023/24 Bayer Leverkusen Jonathan Tah
72%
Champions League 2023/24 Borussia Dortmund Niclas Füllkrug
72%
Europa League 2024/25 Manchester United Noussair Mazraoui
72%
Champions League 2023/24 Borussia Dortmund Emre Can
71%
Champions League 2023/24 Borussia Dortmund Karim Adeyemi
71%
Champions League 2023/24 Borussia Dortmund Nico Schlotterbeck
71%
Europa League 2022/23 AS Roma Paulo Dybala
71%
Europa League 2024/25 Tottenham Hotspur Rodrigo Bentancur
71%
Champions League 2019/20 Paris Saint-Germain Thilo Kehrer
70%
Europa League 2019/20 Inter Milan Ashley Young
69%
Conference League 2024/25 Chelsea Enzo Fernández
69%
Europa League 2020/21 Manchester United Eric Bailly
69%
Europa League 2024/25 Manchester United Leny Yoro
69%
Conference League 2024/25 Chelsea Marc Cucurella
69%
Champions League 2022/23 Inter Milan Matteo Darmian
69%
Conference League 2024/25 Chelsea Moisés Caicedo
69%
Europa League 2023/24 Bayer Leverkusen Álex Grimaldo
68%
Europa League 2024/25 Tottenham Hotspur Destiny Udogie
68%
Europa League 2022/23 AS Roma Rui Patrício
68%
Conference League 2021/22 AS Roma Rui Patrício
68%
Europa League 2020/21 Manchester United Aaron Wan-Bissaka
67%
Europa League 2024/25 Tottenham Hotspur Brennan Johnson
66%
Europa League 2024/25 Tottenham Hotspur Dominic Solanke
65%
Europa League 2024/25 Tottenham Hotspur Pape Matar Sarr
65%
Champions League 2023/24 Borussia Dortmund Julian Ryerson
64%
Europa League 2022/23 AS Roma Chris Smalling
63%
Conference League 2021/22 AS Roma Chris Smalling
63%
Conference League 2024/25 Chelsea Malo Gusto
63%
Conference League 2024/25 Chelsea Pedro Neto
61%
Conference League 2022/23 West Ham United Alphonse Areola
60%
Champions League 2019/20 Paris Saint-Germain Ander Herrera
60%
Europa League 2023/24 Bayer Leverkusen Exequiel Palacios
60%
Champions League 2023/24 Borussia Dortmund Ian Maatsen
60%
Europa League 2023/24 Bayer Leverkusen Piero Hincapié
60%
Conference League 2022/23 West Ham United Tomáš Souček
60%
Europa League 2022/23 Sevilla Youssef En-Nesyri
60%
Europa League 2024/25 Tottenham Hotspur Yves Bissouma
60%
Europa League 2023/24 Bayer Leverkusen Edmond Tapsoba
59%
Europa League 2023/24 Bayer Leverkusen Jeremie Frimpong
58%
Europa League 2019/20 Inter Milan Diego Godín
57%
Conference League 2022/23 West Ham United Michail Antonio
57%
Europa League 2020/21 Villarreal Gerónimo Rulli
56%
Europa League 2021/22 Eintracht Frankfurt Kevin Trapp
56%
Conference League 2022/23 West Ham United Jarrod Bowen
55%
Europa League 2019/20 Sevilla Jules Koundé
55%
Conference League 2022/23 West Ham United Vladimír Coufal
54%
Conference League 2024/25 Real Betis Antony
53%
Europa League 2022/23 Sevilla Ivan Rakitić
53%
Europa League 2020/21 Villarreal Dani Parejo
52%
Conference League 2022/23 West Ham United Declan Rice
52%
Europa League 2022/23 AS Roma Lorenzo Pellegrini
52%
Conference League 2021/22 AS Roma Lorenzo Pellegrini
52%
Europa League 2019/20 Sevilla Luuk de Jong
52%
Europa League 2024/25 Manchester United Patrick Dorgu
52%
Europa League 2023/24 Atalanta Charles De Ketelaere
51%
Conference League 2022/23 West Ham United Lucas Paquetá
51%
Europa League 2020/21 Villarreal Gerard Moreno
50%
Conference League 2024/25 Chelsea Noni Madueke
49%
Europa League 2021/22 Eintracht Frankfurt Filip Kostić
48%
Europa League 2023/24 Atalanta Gianluca Scamacca
48%
Europa League 2020/21 Manchester United Mason Greenwood
48%
Conference League 2022/23 West Ham United Nayef Aguerd
48%
Conference League 2024/25 Chelsea Filip Jörgensen
46%
Europa League 2023/24 Bayer Leverkusen Josip Stanišić
46%
Conference League 2024/25 Chelsea Benoît Badiashile
45%
Conference League 2022/23 West Ham United Emerson
45%
Conference League 2022/23 West Ham United Saïd Benrahma
45%
Conference League 2024/25 Real Betis Isco
44%
Conference League 2022/23 West Ham United Kurt Zouma
44%
Europa League 2019/20 Sevilla Lucas Ocampos
44%
Europa League 2022/23 Sevilla Lucas Ocampos
44%
Europa League 2023/24 Atalanta Sead Kolašinac
44%
Europa League 2023/24 Atalanta Berat Djimsiti
43%
Europa League 2019/20 Sevilla Diego Carlos
43%
Europa League 2022/23 AS Roma Nemanja Matić
43%
Europa League 2021/22 Rangers James Tavernier
42%
Conference League 2022/23 Fiorentina Sofyan Amrabat
42%
Europa League 2021/22 Eintracht Frankfurt Daichi Kamada
41%
Europa League 2020/21 Villarreal Juan Foyth
41%
Europa League 2023/24 Atalanta Teun Koopmeiners
41%
Conference League 2024/25 Real Betis Cédric Bakambu
40%
Europa League 2022/23 AS Roma Gianluca Mancini
40%
Conference League 2021/22 AS Roma Gianluca Mancini
40%
Europa League 2023/24 Atalanta Juan Musso
40%
Europa League 2022/23 Sevilla Óliver Torres
40%
Europa League 2020/21 Villarreal Pau Torres
40%
Conference League 2024/25 Real Betis Ricardo Rodriguez
40%
Conference League 2024/25 Chelsea Trevoh Chalobah
40%
Conference League 2022/23 Fiorentina Luka Jović
39%
Conference League 2021/22 AS Roma Nicola Zalewski
39%
Europa League 2023/24 Bayer Leverkusen Amine Adli
37%
Europa League 2022/23 AS Roma Bryan Cristante
37%
Conference League 2021/22 AS Roma Bryan Cristante
37%
Europa League 2019/20 Sevilla Fernando
37%
Europa League 2022/23 Sevilla Fernando
37%
Europa League 2020/21 Villarreal Carlos Bacca
35%
Europa League 2022/23 Sevilla Nemanja Gudelj
35%
Conference League 2022/23 Fiorentina Nikola Milenković
35%
Conference League 2023/24 Fiorentina Nikola Milenković
35%
Conference League 2021/22 AS Roma Nicolò Zaniolo
34%
Europa League 2019/20 Sevilla Suso
34%
Europa League 2020/21 Villarreal Raúl Albiol
33%
Europa League 2019/20 Sevilla Éver Banega
32%
Conference League 2022/23 Fiorentina Nicolás González
32%
Conference League 2023/24 Fiorentina Nicolás González
32%
Europa League 2020/21 Villarreal Étienne Capoue
31%
Europa League 2023/24 Atalanta Isak Hien
30%
Europa League 2022/23 Sevilla Loïc Badé
30%
Europa League 2023/24 Atalanta Davide Zappacosta
29%
Europa League 2022/23 AS Roma Leonardo Spinazzola
28%
Europa League 2023/24 Bayer Leverkusen Matěj Kovář
28%
Conference League 2024/25 Real Betis Abde Ezzalzouli
27%
Europa League 2021/22 Rangers Calvin Bassey
27%
Europa League 2022/23 AS Roma Zeki Çelik
27%
Europa League 2021/22 Eintracht Frankfurt Evan Ndicka
26%
Conference League 2024/25 Real Betis Johnny Cardoso
26%
Conference League 2021/22 Feyenoord Orkun Kökçü
26%
Europa League 2020/21 Villarreal Yeremy Pino
26%
Europa League 2019/20 Inter Milan Danilo D'Ambrosio
24%
Conference League 2022/23 Fiorentina Dodô
24%
Conference League 2023/24 Fiorentina Dodô
24%
Europa League 2021/22 Eintracht Frankfurt Rafael Santos Borré
24%
Europa League 2021/22 Eintracht Frankfurt Djibril Sow
23%
Conference League 2024/25 Real Betis Marc Bartra
23%
Conference League 2021/22 AS Roma Rick Karsdorp
23%
Europa League 2019/20 Inter Milan Roberto Gagliardini
23%
Europa League 2022/23 AS Roma Roger Ibañez
23%
Conference League 2021/22 AS Roma Roger Ibañez
23%
Europa League 2021/22 Rangers Glen Kamara
21%
Europa League 2023/24 Atalanta Matteo Ruggeri
21%
Conference League 2024/25 Real Betis Youssouf Sabaly
21%
Conference League 2022/23 Fiorentina Giacomo Bonaventura
20%
Conference League 2023/24 Fiorentina Giacomo Bonaventura
20%
Europa League 2019/20 Sevilla Joan Jordán
20%
Conference League 2021/22 Feyenoord Marcos Senesi
20%
Conference League 2023/24 Olympiacos Ayoub El Kaabi
19%
Conference League 2022/23 Fiorentina Cristiano Biraghi
19%
Conference League 2023/24 Fiorentina Cristiano Biraghi
19%
Europa League 2021/22 Eintracht Frankfurt Jesper Lindstrøm
19%
Europa League 2021/22 Rangers Ryan Kent
19%
Europa League 2021/22 Rangers Alan McGregor
18%
Europa League 2022/23 Sevilla Alex Telles
18%
Europa League 2020/21 Villarreal Alfonso Pedraza
18%
Conference League 2021/22 Feyenoord Luis Sinisterra
18%
Europa League 2021/22 Eintracht Frankfurt Tuta
18%
Conference League 2023/24 Fiorentina Lucas Martínez Quarta
17%
Conference League 2021/22 Feyenoord Tyrell Malacia
17%
Conference League 2024/25 Real Betis Adrián
16%
Europa League 2021/22 Rangers Borna Barišić
16%
Conference League 2021/22 Feyenoord Gernot Trauner
16%
Conference League 2021/22 Feyenoord Justin Bijlow
16%
Europa League 2021/22 Eintracht Frankfurt Ansgar Knauff
15%
Conference League 2022/23 Fiorentina Christian Kouamé
15%
Conference League 2023/24 Fiorentina Christian Kouamé
15%
Europa League 2021/22 Rangers Joe Aribo
15%
Conference League 2021/22 Feyenoord Lutsharel Geertruida
15%
Conference League 2024/25 Real Betis Natan
15%
Europa League 2021/22 Eintracht Frankfurt Sebastian Rode
15%
Europa League 2019/20 Sevilla Sergio Reguilón
15%
Europa League 2020/21 Villarreal Manu Trigueros
14%
Conference League 2022/23 Fiorentina Pietro Terracianno
14%
Conference League 2023/24 Fiorentina Pietro Terracianno
14%
Europa League 2021/22 Rangers Connor Goldson
13%
Conference League 2021/22 Feyenoord Cyriel Dessers
13%
Conference League 2023/24 Olympiacos Daniel Podence
13%
Conference League 2022/23 Fiorentina Rolando Mandragora
13%
Conference League 2023/24 Fiorentina Rolando Mandragora
13%
Europa League 2021/22 Eintracht Frankfurt Almamy Touré
12%
Conference League 2023/24 Fiorentina Arthur
12%
Conference League 2022/23 Fiorentina Luca Ranieri
12%
Conference League 2024/25 Real Betis Pablo Fornals
12%
Conference League 2021/22 Feyenoord Fredrik Aursnes
11%
Conference League 2021/22 Feyenoord Guus Til
11%
Conference League 2023/24 Fiorentina Andrea Belotti
10%
Europa League 2021/22 Rangers John Lundstram
10%
Conference League 2021/22 Feyenoord Reiss Nelson
10%
Europa League 2022/23 Sevilla Bryan Gil
9%
Conference League 2023/24 Olympiacos David Carmo
7%
Conference League 2023/24 Olympiacos Konstantinos Tzolakis
7%
Conference League 2023/24 Olympiacos Kostas Fortounis
7%
Conference League 2023/24 Olympiacos Santiago Hezze
7%
Conference League 2023/24 Olympiacos Vicente Iborra
7%
Conference League 2023/24 Olympiacos Chiquinho
6%
Conference League 2023/24 Olympiacos Panagiotis Retsos
6%
Conference League 2023/24 Olympiacos Rodinei
6%
Europa League 2021/22 Rangers Scott Wright
6%
Conference League 2023/24 Olympiacos Francisco Ortega
4%
No matching quizzes found
Score Distribution
Percent of People with Each Score
Percentile by Number Answered
Your Score History
You have not taken this quiz since the last reset